000 00664nmm a2200193Ia 4500
008 251105s9999||||xx |||||||||||||||||und||
020 _a9780231136532
041 _aeng
100 _aHauck-Lawson, Annie
245 0 _aGastropolis :
_b Food and New York City
264 _a[Washington, Estados Unidos] :
_bColumbia University Press,
_c[Fecha de publicación no identificada]
300 _a0 pƔginas
490 _aArts and Traditions of the Table: Perspectives on Culinary History
700 _aHauck-Lawson, Annie
700 1 _a Deutsch, Jonathan
700 1 _a Lomonaco, Michael
856 _uhttps://public.digitaliapublishing.com/a/75113
942 _cCF
999 _c66751
_d66751